Formación y desarrollo profesional docente en educación superior /

Bibliographic Details
Other Authors: Cuervo Montoya, Edisson (Editor), Jiménez Narváez, María Mercedes (Editor)
Format: Electronic eBook
Language:Spanish
Published: Bogotá, Colombia : Editorial Aula de Humanidades, 2024.
Edition:Primera edición.
Series:Educación y pedagogía (Editorial Aula de Humanidades). Serie Inclusión.
Subjects:
Online Access:Digitalia Hispánica

MARC

LEADER 00000nam a2200000 i 4500
001 DIGAUHUM0005
003 NyNyDIG
007 cr |||||||||||
008 241210s2024 ck ob 000 0 spa d
006 m o d
035 |a (OCoLC)1478204919 
040 |a DGITA  |b eng  |e rda  |e pn  |c DGITA 
020 |a 9786287700451  |q (versión digital) 
020 |z 9786287700444  |q (versión impresa) 
043 |a s-ck--- 
050 1 4 |a LB2215 ebook 
245 0 0 |a Formación y desarrollo profesional docente en educación superior /  |c Edisson Cuervo Montoya, Maria Mercedes Jiménez Narváez (coords.). 
250 |a Primera edición. 
264 1 |a Bogotá, Colombia :  |b Editorial Aula de Humanidades,  |c 2024. 
300 |a 1 online resource. 
336 |a text  |b txt  |2 rdacontent 
337 |a computer  |b c  |2 rdamedia 
338 |a online resource  |b cr  |2 rdacarrier 
347 |a text file  |2 rdaft 
347 |b PDF 
490 1 |a Colección Educación y pedagogía. Serie Inclusión 
504 |a Includes bibliographical references. 
588 0 |a Online resource; title from PDF title page (Digitalia, viewed December 10, 2024) 
650 0 |a College teachers  |x Training of  |z Colombia. 
700 1 |a Cuervo Montoya, Edisson,  |e editor. 
700 1 |a Jiménez Narváez, María Mercedes,  |e editor. 
791 2 |a Digitalia (Firm),  |e distributor. 
793 0 |g Digitalia eBook Collection:  |a Editorial Aula de Humanidades 
776 0 8 |i Print version:  |t Formación y desarrollo profesional docente en educación superior.  |b Primera edición.  |d Bogotá, Colombia : Editorial Aula de Humanidades, [2024]  |z 9786287700444 
830 0 |a Educación y pedagogía (Editorial Aula de Humanidades).  |p Serie Inclusión. 
856 4 0 |3 Digitalia Hispánica  |u https://www.digitaliapublishing.com/a/159381/ 
910 |a Premium collection: 2024